| 000 | 00934cam a2200289 a 4500 | ||
|---|---|---|---|
| 001 | 16148315 | ||
| 005 | 20170105102844.0 | ||
| 008 | 100323s2010 nyua b 001 0 eng | ||
| 010 | _a 2010011783 | ||
| 020 | _a9780231701846 (alk. paper) | ||
| 020 | _a0231701845 (alk. paper) | ||
| 035 | _a(OCoLC)ocn569552290 | ||
| 040 |
_aDLC _cDLC _dYDX _dYDXCP _dAFQ _dDLC |
||
| 042 | _apcc | ||
| 050 | 0 | 0 |
_aJF1525.I6 _bO43 2010 |
| 082 | 0 | 0 |
_a355.0335 _222 |
| 100 | 1 | _aOmand, David. | |
| 245 | 1 | 0 |
_aSecuring the state / _cDavid Omand. |
| 260 |
_aNew York : _bColumbia University Press, _cc2010. |
||
| 300 |
_axx, 345 p. : _bill. ; _c23 cm. |
||
| 504 | _aIncludes bibliographical references and index. | ||
| 650 | 0 | _aIntelligence service. | |
| 650 | 0 | _aNational security. | |
| 906 |
_a7 _bcbc _corignew _d1 _eecip _f20 _gy-gencatlg |
||
| 942 |
_2ddc _cBK |
||
| 999 |
_c14000 _d14000 |
||